Systems ecology : an introduction

Αποθηκεύτηκε σε:
Λεπτομέρειες βιβλιογραφικής εγγραφής
Κύριος συγγραφέας: Odum, Howard T. 1924-
Μορφή: Βιβλίο
Γλώσσα:English
Δημοσίευση: New York : John Wiley and Sons, c1983
Θέματα:
Ετικέτες: Προσθήκη ετικέτας
Δεν υπάρχουν, Καταχωρήστε ετικέτα πρώτοι!

MARC

LEADER 00000cam a2200000 i 4500
001 1/72002
008 961017s1983 eng d
020 |a 0-471-65277-6 
035 |l 10002880 
040 |a GR-MY-UA  |b gre  |e aacr 
041 0 |a eng 
082 0 |a 574.50724 
100 1 |a Odum, Howard T.  |d 1924- 
245 1 0 |a Systems ecology :  |b an introduction /  |c Howard T. Odum 
260 |a New York :   |b John Wiley and Sons,   |c c1983 
300 |a xv, 644 p.;  |b ill.;  |c 29 cm 
504 |a Bibliography: p. 584-614. Includes index 
650 0 0 |a Ecology  |x Simulation methods. 
650 0 0 |a Biotic communities  |x Simulation methods. 
650 0 0 |a Bioenergetics  |x Simulation methods. 
650 0 0 |a Biological models. 
650 0 0 |a System theory. 
852 |a INST  |b LESVOS  |e 19961017  |h 574.50724 ODU  |p 005100008994  |q 005100008994  |t BK  |y 0 
909 |a Λ  |b 02109